Evaluating the charismatic movement : a theological and Biblical appraisal /
Furkejuvvon:
| Váldodahkki: | |
|---|---|
| Materiálatiipa: | Girji |
| Giella: | eaŋgalasgiella |
| Almmustuhtton: |
Valley Forge, Pa. :
Judson Press,
1977.
|
| Fáttát: | |
| Fáddágilkorat: |
Eai fáddágilkorat, Lasit vuosttaš fáddágilkora!
|
MARC
| LEADER | 00000nam a22000007a 4500 | ||
|---|---|---|---|
| 003 | KE-NaDUL | ||
| 005 | 20230623102723.0 | ||
| 008 | 230623b |||||||| |||| 00| 0 eng d | ||
| 020 | |a 0817007431 | ||
| 040 | |a DUL |c DUL |d Pmahero | ||
| 050 | 0 | 0 | |a BR1644.C84 1977 |
| 100 | 1 | |a Culpepper, Robert H. |9 133777 | |
| 245 | 1 | 0 | |a Evaluating the charismatic movement : |b a theological and Biblical appraisal / |c by Robert H. Culpepper. |
| 260 | |a Valley Forge, Pa. : |b Judson Press, |c 1977. | ||
| 300 | |a 192 p. | ||
| 500 | |a Includes index. | ||
| 504 | |a Bibliography: p. 185-189. | ||
| 650 | 0 | |a Pentecostalism. |9 133778 | |
| 942 | |2 lcc |c REF |h BR1644 |i .C84 |m 1977 |6 BR1644 C84 | ||
| 952 | |0 0 |1 0 |2 lcc |4 0 |6 BR1644 C84 01977 |7 1 |8 REF |9 138886 |a CUI |b CUI |c CUI |d 2023-06-23 |l 0 |o BR1644.C84 1977 |p CUI07422 |r 2023-06-23 00:00:00 |w 2023-06-23 |x 07422 |y REF | ||
| 999 | |c 222939 |d 222938 | ||